669 pt 2 #4 (Norsacce Berlusconi) - Statistiques

Statistiques générales
  • Ce quiz a été pris 4 fois
  • Le résultat moyen est 37 sur 96
Statistiques - réponses
Hint Réponse % Correct
à
100%
à
100%
a
100%
Couplet 4 (Norsacce Berlusconi) Trop
100%
Trop
100%
dose
75%
la
75%
la
75%
la
75%
la
75%
le
75%
6.6.9
50%
autre
50%
aux
50%
avec
50%
beaucoup
50%
belek
50%
bitch
50%
Bitch
50%
c'est
50%
c'est
50%
chaud
50%
comme
50%
comme
50%
doses
50%
frappe
50%
haute
50%
J'fournis
50%
les
50%
les
50%
les
50%
les
50%
leur
50%
l'osmose
50%
mitraille
50%
modération
50%
photo
50%
propose
50%
qu'on
50%
semi-auto
50%
Sont
50%
té-ma
50%
10
25%
ass
25%
chose
25%
cicatrices
25%
cojones
25%
croco
25%
dans
25%
dans
25%
dans
25%
des
25%
des
25%
d'faux-faux
25%
du
25%
en
25%
et
25%
fait
25%
faut
25%
flows-flows
25%
Gros-né
25%
grosse
25%
grosse
25%
gymnastique
25%
il
25%
j'ai
25%
l'euthanasie
25%
ma
25%
Méritent
25%
moto
25%
naissent
25%
Norsacce
25%
nous
25%
pas
25%
pas
25%
prod
25%
psychiatrie
25%
quand
25%
rap
25%
rime
25%
'Sacce
25%
sauce
25%
sauce
25%
Sur
25%
sur
25%
taureaux
25%
têtards
25%
t'propose
25%
tranchante
25%
volent
25%
y'a
25%
0.50
0%
causé
0%
d"mande
0%
Ocho
0%
tête
0%
Aucun quiz correspondant
Distribution des résultats
% des personnes avec chaque résultat
Percentile par nombre de réponses
Votre historique - résultats
Vous n’avez pas pris ce quiz